| 000 | 01203nam0a2200337 4500 | ||
|---|---|---|---|
| 001 | RU\NLR\BIBL_A\011782432 | ||
| 005 | 20180920120701.0 | ||
| 010 |
_a978-5-222-30542-3 _93500 |
||
| 021 |
_aRU _bКН-П-18-057773 _9КН-П-18-4174 |
||
| 035 | _a(NLR Aleph) 011782432 | ||
| 035 | _a(RuMoRGB)009708784 | ||
| 090 |
_a11783734 _c11783734 |
||
| 100 | _a20180905d2018 u y0rusy50 ca | ||
| 101 | 0 | _arus | |
| 102 | _aRU | ||
| 105 | _aa zzzz000|0yy | ||
| 200 | 1 |
_aНовый курс лекций по препаратам Тяньши _fФ. Р. Бикбаева |
|
| 205 | _aИзд. 23-е, стер. | ||
| 210 |
_aРостов-на-Дону _cФеникс _d2018 |
||
| 215 |
_a412, [2] с. _cил. _d21 |
||
| 225 | 1 | _aСерия "Медицина для вас" | |
| 333 | _a0+ | ||
| 606 | 1 |
_aПищевые добавки "Тяньши" корпорации _2nlr_sh1 _2nlr_sh2 _3RU\NLR\AUTH\661361755 |
|
| 610 | 0 | _a"Тяньши", препараты | |
| 686 | 1 | _aР123.02 | |
| 700 | 1 |
_aБикбаева _bФ. Р. _gФарида Равильевна |
|
| 942 | _cBOOK | ||
| 980 | _aNBR | ||
| 980 | _aNB | ||